| 000 | 00642nam a22002057a 4500 | ||
|---|---|---|---|
| 999 |
_c3644 _d3644 |
||
| 003 | AR-CdUCM | ||
| 008 | 190307b ||||| |||| 00| 0 esp d | ||
| 020 | _aISBN | ||
| 040 |
_aMUNICIPALIDAD PROVINCIAL DEL CUSCO _cBIBLIOTECA MUNICIPAL DEL CUSCO |
||
| 082 |
_a868.3 / _bR78 |
||
| 100 |
_aRojas, Francisco de _911878 |
||
| 245 |
_aDel rey abajo, ninguno / _cFrancisco de Rojas |
||
| 260 |
_aSantiago de Chile : _bZig Zag, _c1956. |
||
| 300 |
_a104 paginas ; _c17 cm. |
||
| 505 | _aPersonas que hablan de ella -- Jornada primera ... | ||
| 650 |
_aTeatro espaƱo _911512 |
||
| 650 |
_aEdad de oro _9649 |
||
| 942 |
_2ddc _cLIBROS |
||
| 945 | _aacrt | ||